<?xml version="1.0" encoding="UTF-8"?>
<marc:record xmlns:marc="http://www.loc.gov/MARC21/slim">
   <marc:leader>00000nam a2200000 a 4500</marc:leader>
   <marc:datafield ind1="1" ind2=" " tag="100">
      <marc:subfield code="a">Hilbert, Jörg</marc:subfield>
      <marc:subfield code="4">aut</marc:subfield>
      <marc:subfield code="e">Verfasser/-in</marc:subfield>
   </marc:datafield>
   <marc:datafield ind1=" " ind2=" " tag="653">
      <marc:subfield code="a">Bilderbuch</marc:subfield>
   </marc:datafield>
   <marc:datafield ind1=" " ind2=" " tag="653">
      <marc:subfield code="a">Bilderbücher</marc:subfield>
   </marc:datafield>
   <marc:datafield ind1="0" ind2="0" tag="245">
      <marc:subfield code="a">Das RAP-Huhn</marc:subfield>
   </marc:datafield>
   <marc:datafield ind1="0" ind2="0" tag="245">
      <marc:subfield code="c">Hilbert, Jörg</marc:subfield>
   </marc:datafield>
   <marc:datafield ind1=" " ind2="1" tag="264">
      <marc:subfield code="a">Hamburg</marc:subfield>
      <marc:subfield code="b">Carlsen</marc:subfield>
      <marc:subfield code="c">2017</marc:subfield>
   </marc:datafield>
   <marc:datafield ind1="1" ind2=" " tag="520">
      <marc:subfield code="a">Ein humorvolles Bilderbuch über Tiere auf dem Bauernhof und die Vor- und Nachteile von Stadt und Land - mit witzigen Illustrationen, 6 starken Kinder-Songs und Hörbuch gelesen von Oliver Korritke.&#xD;
&#xD;
Draußen auf dem Lande bei den Hühnern auf dem Bauernhof hat alles seine Ordnung. Bis eines Tages aus der Stadt ein neues Huhn zu Besuch kommt, das Rap-Huhn. Es findet das Landleben uncool und hat stattdessen eine Menge coole Songs mitgebracht und bringt den Bauernhof in Schwung. Aber das Rap-Huhn erkennt, dass auch das Landleben seine Vorzüge hat. Titel-Song "Das Rap-Huhn" als Video bereits auf youtube mit über 150.000 clicks. von Jörg Hilbert und Felix Janosa, den vielfach ausgezeichneten Machern von Ritter Rost Mit 7 Liedern und Hörbuch auf CD !&#xD;
&#xD;
Ausgezeichnet mit dem LEOPOLD, dem Preis für herausragend gute Kindermusik, vergeben vom Bundesverband der Musikschulen</marc:subfield>
   </marc:datafield>
   <marc:datafield ind1=" " ind2=" " tag="020">
      <marc:subfield code="a">9783551518965</marc:subfield>
      <marc:subfield code="9">9783551518965</marc:subfield>
   </marc:datafield>
   <marc:datafield ind1=" " ind2=" " tag="020">
      <marc:subfield code="a">3551518963</marc:subfield>
      <marc:subfield code="9">3551518963</marc:subfield>
   </marc:datafield>
   <marc:datafield ind1=" " ind2=" " tag="041">
      <marc:subfield code="a">ger</marc:subfield>
   </marc:datafield>
   <marc:datafield ind1="1" ind2=" " tag="521">
      <marc:subfield code="a">Vorschulkind</marc:subfield>
   </marc:datafield>
   <marc:datafield ind1=" " ind2=" " tag="338">
      <marc:subfield code="a">Band</marc:subfield>
   </marc:datafield>
   <marc:datafield ind1=" " ind2=" " tag="300">
      <marc:subfield code="a">circa 40 Seiten</marc:subfield>
   </marc:datafield>
</marc:record>
